<?xml version="1.0" encoding="UTF-8"?>
<record
    xmlns:xsi="http://www.w3.org/2001/XMLSchema-instance"
    xsi:schemaLocation="http://www.loc.gov/MARC21/slim http://www.loc.gov/standards/marcxml/schema/MARC21slim.xsd"
    xmlns="http://www.loc.gov/MARC21/slim">

  <leader>03669nam0a2200433   4500</leader>
  <controlfield tag="001">RU\NLR\BIBL_A\012795725</controlfield>
  <controlfield tag="005">20220630153547.0</controlfield>
  <datafield tag="010" ind1=" " ind2=" ">
    <subfield code="a">978-5-907440-78-4</subfield>
  </datafield>
  <datafield tag="021" ind1=" " ind2=" ">
    <subfield code="a">RU</subfield>
    <subfield code="b">&#x41A;&#x41D;-&#x41F;-22-008731</subfield>
    <subfield code="9">&#x41A;&#x41D;-&#x41F;-22-0709</subfield>
  </datafield>
  <datafield tag="035" ind1=" " ind2=" ">
    <subfield code="a">(NLR Aleph) 012795725</subfield>
  </datafield>
  <datafield tag="035" ind1=" " ind2=" ">
    <subfield code="a">(RuMoRGB)010978052</subfield>
  </datafield>
  <datafield tag="090" ind1=" " ind2=" ">
    <subfield code="a">13166963</subfield>
    <subfield code="c">13166963</subfield>
  </datafield>
  <datafield tag="100" ind1=" " ind2=" ">
    <subfield code="a">20220523d2021    u  y0rusy50      ca</subfield>
  </datafield>
  <datafield tag="101" ind1="0" ind2=" ">
    <subfield code="a">rus</subfield>
  </datafield>
  <datafield tag="102" ind1=" " ind2=" ">
    <subfield code="a">RU</subfield>
  </datafield>
  <datafield tag="105" ind1=" " ind2=" ">
    <subfield code="a"> c||z|||010zd</subfield>
  </datafield>
  <datafield tag="181" ind1=" " ind2="0">
    <subfield code="a">i2</subfield>
    <subfield code="b">axxe  </subfield>
  </datafield>
  <datafield tag="181" ind1=" " ind2="0">
    <subfield code="a">b2</subfield>
    <subfield code="b">xb2e  </subfield>
  </datafield>
  <datafield tag="182" ind1=" " ind2="0">
    <subfield code="a">n</subfield>
  </datafield>
  <datafield tag="200" ind1="1" ind2=" ">
    <subfield code="a">85 &#x43B;&#x435;&#x442; &#x441;&#x43E; &#x434;&#x43D;&#x44F; &#x43E;&#x431;&#x440;&#x430;&#x437;&#x43E;&#x432;&#x430;&#x43D;&#x438;&#x44F; &#x442;&#x435;&#x43F;&#x43B;&#x43E;&#x444;&#x438;&#x43A;&#x430;&#x446;&#x438;&#x43E;&#x43D;&#x43D;&#x43E;&#x433;&#x43E; &#x445;&#x43E;&#x437;&#x44F;&#x439;&#x441;&#x442;&#x432;&#x430; &#x433;&#x43E;&#x440;&#x43E;&#x434;&#x430; &#x41C;&#x430;&#x433;&#x43D;&#x438;&#x442;&#x43E;&#x433;&#x43E;&#x440;&#x441;&#x43A;&#x430;</subfield>
    <subfield code="f">&#x442;&#x435;&#x43A;&#x441;&#x442;&#x44B;: &#x421;&#x442;&#x430;&#x440;&#x438;&#x43A;&#x43E;&#x432;&#x430; &#x413;&#x430;&#x43B;&#x438;&#x43D;&#x430; &#x418;&#x43B;&#x44C;&#x438;&#x43D;&#x438;&#x447;&#x43D;&#x430;, &#x417;&#x430;&#x440;&#x443;&#x431;&#x438;&#x43D;&#x430; &#x418;&#x440;&#x438;&#x43D;&#x430; &#x410;&#x43B;&#x435;&#x43A;&#x441;&#x430;&#x43D;&#x434;&#x440;&#x43E;&#x432;&#x43D;&#x430;, &#x41A;&#x443;&#x442;&#x43B;&#x44F;&#x435;&#x432;&#x430; &#x415;&#x43B;&#x435;&#x43D;&#x430; &#x412;&#x438;&#x43A;&#x442;&#x43E;&#x440;&#x43E;&#x432;&#x43D;&#x430; [&#x438; &#x434;&#x440;.]</subfield>
    <subfield code="g">&#x440;&#x435;&#x434;&#x430;&#x43A;&#x442;&#x43E;&#x440;: &#x413;&#x440;&#x438;&#x431;&#x430;&#x43D;&#x43E;&#x432; &#x420;&#x43E;&#x43C;&#x430;&#x43D; &#x413;&#x435;&#x43D;&#x43D;&#x430;&#x434;&#x44C;&#x435;&#x432;&#x438;&#x447;</subfield>
    <subfield code="g">&#x41C;&#x41F; &#x442;&#x440;&#x435;&#x441;&#x442; "&#x422;&#x435;&#x43F;&#x43B;&#x43E;&#x444;&#x438;&#x43A;&#x430;&#x446;&#x438;&#x44F;"</subfield>
  </datafield>
  <datafield tag="203" ind1=" " ind2=" ">
    <subfield code="a">&#x422;&#x435;&#x43A;&#x441;&#x442;</subfield>
    <subfield code="a">&#x418;&#x437;&#x43E;&#x431;&#x440;&#x430;&#x436;&#x435;&#x43D;&#x438;&#x435;</subfield>
    <subfield code="b">&#x432;&#x438;&#x437;&#x443;&#x430;&#x43B;&#x44C;&#x43D;&#x44B;&#x435;</subfield>
    <subfield code="c">&#x43D;&#x435;&#x43F;&#x43E;&#x441;&#x440;&#x435;&#x434;&#x441;&#x442;&#x432;&#x435;&#x43D;&#x43D;&#x44B;&#x435;</subfield>
  </datafield>
  <datafield tag="210" ind1=" " ind2=" ">
    <subfield code="a">&#x421;&#x430;&#x43D;&#x43A;&#x442;-&#x41F;&#x435;&#x442;&#x435;&#x440;&#x431;&#x443;&#x440;&#x433;</subfield>
    <subfield code="c">&#x41F;&#x435;&#x440;&#x432;&#x44B;&#x439; &#x418;&#x41F;&#x425;</subfield>
    <subfield code="d">2021</subfield>
  </datafield>
  <datafield tag="215" ind1=" " ind2=" ">
    <subfield code="a">200 &#x441;.</subfield>
    <subfield code="c">&#x438;&#x43B;., &#x446;&#x432;. &#x438;&#x43B;., &#x43F;&#x43E;&#x440;&#x442;&#x440;.</subfield>
    <subfield code="d">30</subfield>
  </datafield>
  <datafield tag="300" ind1=" " ind2=" ">
    <subfield code="a">&#x410;&#x432;&#x442;. &#x443;&#x43A;&#x430;&#x437;&#x430;&#x43D;&#x44B; &#x43D;&#x430; &#x43E;&#x431;&#x43E;&#x440;&#x43E;&#x442;&#x435; &#x442;&#x438;&#x442;. &#x441;.</subfield>
  </datafield>
  <datafield tag="300" ind1=" " ind2=" ">
    <subfield code="a">&#x41D;&#x430; &#x442;&#x438;&#x442;. &#x441;. &#x438; &#x43E;&#x431;&#x43B;.: 85 &#x43B;&#x435;&#x442; &#x41C;&#x41F; &#x442;&#x440;&#x435;&#x441;&#x442; "&#x422;&#x435;&#x43F;&#x43B;&#x43E;&#x444;&#x438;&#x43A;&#x430;&#x446;&#x438;&#x44F;", 1936-2021</subfield>
  </datafield>
  <datafield tag="330" ind1=" " ind2=" ">
    <subfield code="a">&#x412; 2021 &#x433;&#x43E;&#x434;&#x443; &#x442;&#x440;&#x435;&#x441;&#x442;&#x443; &#x438;&#x441;&#x43F;&#x43E;&#x43B;&#x43D;&#x44F;&#x435;&#x442;&#x441;&#x44F; 85 &#x43B;&#x435;&#x442; &#x41C;&#x41F; &#x442;&#x440;&#x435;&#x441;&#x442;&#x443; &lt;&#x422;&#x435;&#x43F;&#x43B;&#x43E;&#x444;&#x438;&#x43A;&#x430;&#x446;&#x438;&#x44F;&gt;. &lt;&#x422;&#x435;&#x43F;&#x43B;&#x43E;&#x444;&#x438;&#x43A;&#x430;&#x446;&#x438;&#x44F;&gt; &#x43E;&#x431;&#x440;&#x430;&#x437;&#x43E;&#x432;&#x430;&#x43D;&#x430; &#x432; &#x43E;&#x43A;&#x442;&#x44F;&#x431;&#x440;&#x435; 1936 &#x433;&#x43E;&#x434;&#x430;. &#x422;&#x43E;&#x447;&#x43A;&#x43E;&#x439; &#x438;&#x441;&#x442;&#x43E;&#x440;&#x438;&#x447;&#x435;&#x441;&#x43A;&#x43E;&#x433;&#x43E; &#x43E;&#x442;&#x441;&#x447;&#x435;&#x442;&#x430; &#x441;&#x447;&#x438;&#x442;&#x430;&#x435;&#x442;&#x441;&#x44F; &#x43D;&#x430;&#x447;&#x430;&#x43B;&#x43E; &#x441;&#x442;&#x440;&#x43E;&#x438;&#x442;&#x435;&#x43B;&#x44C;&#x441;&#x442;&#x432;&#x430; &#x426;&#x435;&#x43D;&#x442;&#x440;&#x430;&#x43B;&#x44C;&#x43D;&#x43E;&#x439; &#x43A;&#x43E;&#x442;&#x435;&#x43B;&#x44C;&#x43D;&#x43E;&#x439; &#x432; &#x43B;&#x435;&#x432;&#x43E;&#x431;&#x435;&#x440;&#x435;&#x436;&#x43D;&#x43E;&#x439; &#x447;&#x430;&#x441;&#x442;&#x438; &#x433;&#x43E;&#x440;&#x43E;&#x434;&#x430;. &#x421;&#x435;&#x433;&#x43E;&#x434;&#x43D;&#x44F; &#x432; &#x432;&#x435;&#x434;&#x435;&#x43D;&#x438;&#x438; &lt;&#x422;&#x435;&#x43F;&#x43B;&#x43E;&#x444;&#x438;&#x43A;&#x430;&#x446;&#x438;&#x438;&gt; &#x443;&#x436;&#x435; 13 &#x43A;&#x43E;&#x442;&#x435;&#x43B;&#x44C;&#x43D;&#x44B;&#x445;, &#x430; &#x442;&#x430;&#x43A;&#x436;&#x435; 300 &#x441; &#x43B;&#x438;&#x448;&#x43D;&#x438;&#x43C; &#x431;&#x43E;&#x439;&#x43B;&#x435;&#x440;&#x43D;&#x44B;&#x445;, 14 &#x442;&#x435;&#x43F;&#x43B;&#x43E;&#x432;&#x44B;&#x445; &#x43D;&#x430;&#x441;&#x43E;&#x441;&#x43D;&#x44B;&#x445; &#x441;&#x442;&#x430;&#x43D;&#x446;&#x438;&#x439; &#x438; 1348 &#x43A;&#x43C; &#x442;&#x435;&#x43F;&#x43B;&#x43E;&#x432;&#x44B;&#x445; &#x441;&#x435;&#x442;&#x435;&#x439; &#x438; &#x441;&#x435;&#x442;&#x435;&#x439; &#x433;&#x43E;&#x440;&#x44F;&#x447;&#x435;&#x433;&#x43E; &#x432;&#x43E;&#x434;&#x43E;&#x441;&#x43D;&#x430;&#x431;&#x436;&#x435;&#x43D;&#x438;&#x44F;. &#x41A; &#x441;&#x435;&#x442;&#x44F;&#x43C; &#x442;&#x440;&#x435;&#x441;&#x442;&#x430; &lt;&#x422;&#x435;&#x43F;&#x43B;&#x43E;&#x444;&#x438;&#x43A;&#x430;&#x446;&#x438;&#x44F;&gt; &#x441;&#x435;&#x439;&#x447;&#x430;&#x441; &#x43F;&#x43E;&#x434;&#x43A;&#x43B;&#x44E;&#x447;&#x435;&#x43D;&#x43E; &#x43F;&#x43E;&#x447;&#x442;&#x438; &#x434;&#x432;&#x435; &#x441; &#x43F;&#x43E;&#x43B;&#x43E;&#x432;&#x438;&#x43D;&#x43E;&#x439; &#x442;&#x44B;&#x441;&#x44F;&#x447;&#x438; &#x43C;&#x43D;&#x43E;&#x433;&#x43E;&#x43A;&#x432;&#x430;&#x440;&#x442;&#x438;&#x440;&#x43D;&#x44B;&#x445; &#x434;&#x43E;&#x43C;&#x43E;&#x432;. &#x421; &#x43C;&#x43E;&#x43C;&#x435;&#x43D;&#x442;&#x430; &#x43E;&#x431;&#x440;&#x430;&#x437;&#x43E;&#x432;&#x430;&#x43D;&#x438;&#x44F; &#x438; &#x43F;&#x43E; &#x441;&#x435;&#x439; &#x434;&#x435;&#x43D;&#x44C; &#x437;&#x430;&#x434;&#x430;&#x447;&#x430; &#x43C;&#x443;&#x43D;&#x438;&#x446;&#x438;&#x43F;&#x430;&#x43B;&#x44C;&#x43D;&#x43E;&#x433;&#x43E; &#x43F;&#x440;&#x435;&#x434;&#x43F;&#x440;&#x438;&#x44F;&#x442;&#x438;&#x44F; - &#x431;&#x435;&#x441;&#x43F;&#x435;&#x440;&#x435;&#x431;&#x43E;&#x439;&#x43D;&#x43E; &#x43E;&#x431;&#x435;&#x441;&#x43F;&#x435;&#x447;&#x438;&#x432;&#x430;&#x442;&#x44C; &#x442;&#x435;&#x43F;&#x43B;&#x43E;&#x43C; &#x436;&#x438;&#x442;&#x435;&#x43B;&#x435;&#x439; &#x41C;&#x430;&#x433;&#x43D;&#x438;&#x442;&#x43E;&#x433;&#x43E;&#x440;&#x441;&#x43A;&#x430;. &#x414;&#x43B;&#x44F; &#x432;&#x44B;&#x43F;&#x43E;&#x43B;&#x43D;&#x435;&#x43D;&#x438;&#x44F; &#x44D;&#x442;&#x43E;&#x439; &#x437;&#x430;&#x434;&#x430;&#x447;&#x438; &#x435;&#x436;&#x435;&#x433;&#x43E;&#x434;&#x43D;&#x43E; &#x43D;&#x430; &#x441;&#x435;&#x442;&#x44F;&#x445; &#x438; &#x442;&#x435;&#x43F;&#x43B;&#x43E;&#x432;&#x44B;&#x445; &#x43E;&#x431;&#x44A;&#x435;&#x43A;&#x442;&#x430;&#x445; &#x43F;&#x440;&#x43E;&#x432;&#x43E;&#x434;&#x44F;&#x442;&#x441;&#x44F; &#x440;&#x435;&#x43C;&#x43E;&#x43D;&#x442;&#x44B;, &#x43C;&#x43E;&#x434;&#x435;&#x440;&#x43D;&#x438;&#x437;&#x438;&#x440;&#x443;&#x435;&#x442;&#x441;&#x44F; &#x43E;&#x431;&#x43E;&#x440;&#x443;&#x434;&#x43E;&#x432;&#x430;&#x43D;&#x438;&#x435;</subfield>
  </datafield>
  <datafield tag="532" ind1="1" ind2="0">
    <subfield code="a">&#x412;&#x43E;&#x441;&#x435;&#x43C;&#x44C;&#x434;&#x435;&#x441;&#x44F;&#x442; &#x43F;&#x44F;&#x442;&#x44C; &#x43B;&#x435;&#x442; &#x441;&#x43E; &#x434;&#x43D;&#x44F; &#x43E;&#x431;&#x440;&#x430;&#x437;&#x43E;&#x432;&#x430;&#x43D;&#x438;&#x44F; &#x442;&#x435;&#x43F;&#x43B;&#x43E;&#x444;&#x438;&#x43A;&#x430;&#x446;&#x438;&#x43E;&#x43D;&#x43D;&#x43E;&#x433;&#x43E; &#x445;&#x43E;&#x437;&#x44F;&#x439;&#x441;&#x442;&#x432;&#x430; &#x433;&#x43E;&#x440;&#x43E;&#x434;&#x430; &#x41C;&#x430;&#x433;&#x43D;&#x438;&#x442;&#x43E;&#x433;&#x43E;&#x440;&#x441;&#x43A;&#x430;</subfield>
  </datafield>
  <datafield tag="601" ind1="0" ind2="2">
    <subfield code="a">"&#x422;&#x435;&#x43F;&#x43B;&#x43E;&#x444;&#x438;&#x43A;&#x430;&#x446;&#x438;&#x44F;", &#x442;&#x440;&#x435;&#x441;&#x442;</subfield>
    <subfield code="c">&#x41C;&#x430;&#x433;&#x43D;&#x438;&#x442;&#x43E;&#x433;&#x43E;&#x440;&#x441;&#x43A;, &#x433;&#x43E;&#x440;&#x43E;&#x434; (&#x427;&#x435;&#x43B;&#x44F;&#x431;&#x438;&#x43D;&#x441;&#x43A;&#x430;&#x44F; &#x43E;&#x431;&#x43B;&#x430;&#x441;&#x442;&#x44C;)</subfield>
    <subfield code="2">nlr_sh2</subfield>
    <subfield code="3">RU\NLR\AUTH\6601707407</subfield>
  </datafield>
  <datafield tag="686" ind1="1" ind2=" ">
    <subfield code="a">&#x423;30(2)57(2&#x420;-4&#x427;&#x435;-2&#x41C;)</subfield>
  </datafield>
  <datafield tag="701" ind1=" " ind2="1">
    <subfield code="a">&#x421;&#x442;&#x430;&#x440;&#x438;&#x43A;&#x43E;&#x432;&#x430;</subfield>
    <subfield code="b">&#x413;. &#x418;.</subfield>
    <subfield code="g">&#x413;&#x430;&#x43B;&#x438;&#x43D;&#x430; &#x418;&#x43B;&#x44C;&#x438;&#x43D;&#x438;&#x447;&#x43D;&#x430;</subfield>
  </datafield>
  <datafield tag="701" ind1=" " ind2="1">
    <subfield code="a">&#x417;&#x430;&#x440;&#x443;&#x431;&#x438;&#x43D;&#x430;</subfield>
    <subfield code="b">&#x418;. &#x410;.</subfield>
    <subfield code="g">&#x418;&#x440;&#x438;&#x43D;&#x430; &#x410;&#x43B;&#x435;&#x43A;&#x441;&#x430;&#x43D;&#x434;&#x440;&#x43E;&#x432;&#x43D;&#x430;</subfield>
  </datafield>
  <datafield tag="701" ind1=" " ind2="1">
    <subfield code="a">&#x41A;&#x443;&#x442;&#x43B;&#x44F;&#x435;&#x432;&#x430;</subfield>
    <subfield code="b">&#x415;. &#x412;.</subfield>
    <subfield code="g">&#x415;&#x43B;&#x435;&#x43D;&#x430; &#x412;&#x438;&#x43A;&#x442;&#x43E;&#x440;&#x43E;&#x432;&#x43D;&#x430;</subfield>
  </datafield>
  <datafield tag="702" ind1=" " ind2="1">
    <subfield code="a">&#x413;&#x440;&#x438;&#x431;&#x430;&#x43D;&#x43E;&#x432;</subfield>
    <subfield code="b">&#x420;. &#x413;.</subfield>
    <subfield code="g">&#x420;&#x43E;&#x43C;&#x430;&#x43D; &#x413;&#x435;&#x43D;&#x43D;&#x430;&#x434;&#x44C;&#x435;&#x432;&#x438;&#x447;</subfield>
    <subfield code="4">340</subfield>
  </datafield>
  <datafield tag="711" ind1="0" ind2="2">
    <subfield code="a">"&#x422;&#x435;&#x43F;&#x43B;&#x43E;&#x444;&#x438;&#x43A;&#x430;&#x446;&#x438;&#x44F;", &#x442;&#x440;&#x435;&#x441;&#x442;</subfield>
    <subfield code="c">&#x41C;&#x430;&#x433;&#x43D;&#x438;&#x442;&#x43E;&#x433;&#x43E;&#x440;&#x441;&#x43A;</subfield>
    <subfield code="3">RU\NLR\AUTH\880554989</subfield>
  </datafield>
  <datafield tag="942" ind1=" " ind2=" ">
    <subfield code="c">BOOK</subfield>
  </datafield>
  <datafield tag="980" ind1=" " ind2=" ">
    <subfield code="a">NB</subfield>
  </datafield>
  <datafield tag="995" ind1=" " ind2=" ">
    <subfield code="5">2022-05-23</subfield>
    <subfield code="a">ad</subfield>
    <subfield code="b">NLR01</subfield>
    <subfield code="c">NLR01</subfield>
    <subfield code="e">RF81</subfield>
    <subfield code="f">1-3820183</subfield>
    <subfield code="k">2022-8/1811</subfield>
    <subfield code="o">0</subfield>
    <subfield code="r">BOOK</subfield>
    <subfield code="s">202281811_</subfield>
  </datafield>
  <datafield tag="995" ind1=" " ind2=" ">
    <subfield code="5">2022-05-23</subfield>
    <subfield code="a">ad</subfield>
    <subfield code="b">NLR01</subfield>
    <subfield code="c">NLR01</subfield>
    <subfield code="e">RF81</subfield>
    <subfield code="f">1-3820184</subfield>
    <subfield code="k">2022-8/1811</subfield>
    <subfield code="o">0</subfield>
    <subfield code="r">BOOK</subfield>
    <subfield code="s">202281811_</subfield>
  </datafield>
</record>
